000 00625nam a2200217 a 4500
001 000022749
005 20200930021756.0
008 101117s|||| dr r 000 p spa d
020 _a8475682340
040 _aDO-SdBNP
_bspa
_cBNPHU
082 _a861.64
_bA681a
100 1 _aAresti, Gabriel
_946743
245 1 0 _aAntología /
_cGabriel Aresti, Salvador Espriu, Emilo Ferreiro.
260 _aDonostia :
_bErein,
_c19?
300 _a173 p. ;
_c21 cm.
650 4 _aPoesía española
_9631
650 4 _aLiteratura española
_9632
700 1 _aEspriu, Salvador
_939535
700 1 _aFerreiro, Emilo
_946744
049 _aBNGR
999 _c22246
_d22246